Antagonistic potential of bacterial endophytes isolated from Hevea brasiliensis against Phytophthora meadii (Record no. 50270)

MARC details
000 -LEADER
fixed length control field 00713nam a2200169Ia 4500
100 ## - MAIN ENTRY--AUTHOR NAME
Personal name Abraham A
245 #0 - TITLE STATEMENT
Title Antagonistic potential of bacterial endophytes isolated from Hevea brasiliensis against Phytophthora meadii
260 ## - PUBLICATION, DISTRIBUTION, ETC. (IMPRINT)
Name of publisher Phytophthora Diseases of Plantation Crops. (Eds. Jacob Mathew, C. Bindu Roy, C. Kuruvilla Jacob and N. Ramachandran).Rubber Research Institute of India, Kottayam and Westville Publishing House, New Delhi, India, pp.39-45.
650 ## - SUBJECT ADDED ENTRY--TOPICAL TERM
Topical Term Bacterial endophyte
650 ## - SUBJECT ADDED ENTRY--TOPICAL TERM
Topical Term Hevea brasiliensis
650 ## - SUBJECT ADDED ENTRY--TOPICAL TERM
Topical Term Molecular identification
650 ## - SUBJECT ADDED ENTRY--TOPICAL TERM
Topical Term Phytophthora meadii
700 ## - ADDED ENTRY--PERSONAL NAME
Personal name Joseph K
700 ## - ADDED ENTRY--PERSONAL NAME
Personal name Philip S
942 ## - ADDED ENTRY ELEMENTS (KOHA)
Koha item type Bibliography STAF
Holdings
Withdrawn status Lost status Damaged status Not for loan Home library Current library Shelving location Date acquired Koha item type
      Bibliography RRII Library RRII Library Pathology 01/01/2016 Bibliography STAF